Bienvenue à la Médiathèque de Saint-Andiol
banniere
Accueil Recherche avancée Mon compte
handi1 Rechercher dans le catalogue

Filtre   Mots-clés
  Recherche avancée
 
Lister les dernières nouveautés
 
Lister les livres GROS CARACTERES
 
Lister les périodiques (magazines)

handi1 Picoti [ 438 ]

pour les bébés dégourdis

Book Cover
Titre : Picoti [ 438 ]
Support : Livres
Langue : Francais
Publié : 2022 Milan Presse
Genre : Revues et magazines
Sujets :
Étiquettes :
Pas de tags
LEADER 00595nas0a2200205 450
001 16867955
011 |b Br.  |d 5 € 
100 |a 20260325d2022 u u0frey01 ba 
101 1 |a fre  |c fre 
102 |a FR 
110 0 |a afu 0uu0 
200 0 |a Picoti [ 438 ]  |e pour les bébés dégourdis  |f Pascal Ruffenach 
207 1 |a  438 
210 |c Milan Presse  |d 2022 
215 |a 1 vol. (27 p.)  |d 19x18 cm 
300 |a 9 mois/3 ans 
676 |a 070.17 
900 |a Revues et magazines 
901 |a Jeunesse 
995 |a Médiathèque  |c Médiathèque  |f 089021803  |h 089021803  |k 070.17 PIC 438  |o p  |q j  |r az  |e Médiathèque